Normal view
MARC view
Entry Personal Name
001 - CONTROL NUMBER
- control field: 7210
003 - CONTROL NUMBER IDENTIFIER
- control field: BD-RjUL
005 - DATE AND TIME OF LATEST TRANSACTION
- control field: 20230323112456.0
008 - FIXED-LENGTH DATA ELEMENTS
- fixed length control field: 230323|| aca||aabn | a|a d
040 ## - CATALOGING SOURCE
- Original cataloging agency: BD-RjUL
- Transcribing agency: BD-RjUL
100 ## - HEADING--PERSONAL NAME
- Personal name: SOHEL, DIN MOHAMMAD
670 ## - SOURCE DATA FOUND
- Source citation: Work cat.: (BD-RjUL)81306: SOHEL, DIN MOHAMMAD, Correction of Congenital Clubfoot by Ponseti Technique :, 2019